000 02335nkm0a2200385 4500
001 RU\NLR\bibl\2085556
005 20250806203947.0
020 _aRU
_9ЛЕНИНГРАД В ВЕЛИКОЙ ОТЕЧЕСТВЕННОЙ ВОЙНЕ : Печать Ленинграда, 1941 - 1945 : листовки, плакаты, открытки, альбомы: карточный каталог изданий, хранящихся в фондах Гос. Публ. б-ки. - Ленинград, 1972
035 _a(NLR Aleph) 010197228
090 _a76240
_c76240
100 _a20131118d1944 u y0rusy50 ca
101 0 _arus
102 _aRU
105 _ay z |||||
200 1 _a22-го июля 1944 г. футбол. Матч на "Приз дружбы". Эстонская ССР - Ленинград
_iБаскетбол. Эстонская ССР - Ленинград
_a23-го июля футбол. Матч на кубок ВЦСПС: "Торпедо (Горький) - "Зенит" (Ленинград)
210 _a[Ленинград]
_cтип. им. Урицкого
_d1944
215 _a1 л.
_d62х42
325 _aКопия доступна в Электрон. б-ке РНБ http://vivaldi.nlr.ru/ll000075100/view
337 _aЭлектронная копия доступна в Электронной библиотеке РНБ
606 1 _aБлокада Ленинграда
_z1941 - 1944
_jЛистовки
_2nlr_sh1
_2nlr_sh2
_3RU\NLR\AUTH\661253360
686 _aТ3(2)722.721,011
712 0 2 _a"Торпедо", футбольная команда
_cГорький
_4570
712 0 2 _a"Зенит", футбольная команда
_cЛенинград
_4570
801 0 _aRU
_bNLR
_c19720101
_gPSBO
801 1 _aRU
_bNLR
_c20131118
_gRCR
852 _aNLR
_bЛ3-330л
_j23/4-8
856 0 _uhttp://vivaldi.nlr.ru/ll000075100/view
856 1 _uhttp://vivaldi.nlr.ru/ll000075100/cover
856 2 _uhttp://vivaldi.nlr.ru/ll000075100/text
942 _cBOOK
945 _aРоссийская национальная библиотека
980 _aBV
981 3 7 _a(37) Ленинград в Великой Отечественной войне
_b(37) Анонсы, расписания, информационные сообщения